[Event "Titled Tuesday 15th Dec"]
[Site "chess.com INT"]
[Date "2020.12.15"]
[Round "1"]
[White "Jobava, Ba"]
[Black "Kiolbasa, Oliwia"]
[Result "1-0"]
[WhiteElo "2603"]
[BlackElo "2260"]
[PlyCount "127"]
[EventDate "2020.12.15"]
[SourceTitle "The Week in Chess 1363"]
[Source "Mark Crowther"]
[SourceDate "2020.12.21"]
[SourceVersion "1"]
[SourceVersionDate "2020.12.21"]
[SourceQuality "2"]

1. e4 e5 2. Nf3 Nc6 3. c3 d5 4. d3 dxe4 5. dxe4 Qxd1+ 6. Kxd1 Nf6 7. Bd3 Bc5 8.
Ke2 Bg4 9. Be3 Bxe3 10. Kxe3 O-O-O 11. Nbd2 Rd7 12. Bb5 Re8 13. h3 Bxf3 14.
Nxf3 Rd6 15. Rhd1 Nd7 16. Rxd6 cxd6 17. Rd1 Kc7 18. Ng5 f6 19. Nf3 Nc5 20. h4
a6 21. Be2 Ne6 22. g3 Ne7 23. Bc4 Nc8 24. h5 b5 25. Bb3 Nc5 26. Bc2 Nb6 27. b3
Rd8 28. Nh4 Rd7 29. f4 d5 30. fxe5 fxe5 31. Nf3 dxe4 32. Rxd7+ Nbxd7 33. Ng5
Nf6 34. b4 Ncd7 35. Ne6+ Kd6 36. Nxg7 Nb6 37. Bb3 Nbd5+ 38. Bxd5 Kxd5 39. Nf5
Ng4+ 40. Kd2 Kc4 41. Nd6+ Kd5 42. Ne8 e3+ 43. Kd3 e4+ 44. Ke2 Kc4 45. Nc7 Kxc3
46. Nxa6 Kc4 47. Nc5 Kxb4 48. Nxe4 Ka3 49. Nc3 b4 50. Nd5 Kxa2 51. Nxb4+ Kb3
52. Nd5 Ka4 53. Nxe3 Nf6 54. g4 Kb5 55. Kf3 Kc5 56. Kf4 Kd6 57. Kg5 Ke7 58. Kh6
Kf7 59. g5 Ne4 60. Ng4 Kg8 61. g6 hxg6 62. hxg6 Nd6 63. Nf6+ Kf8 64. g7+ 1-0

[Event "ch-POL Women's Blitz 2020"]
[Site "Bydgoszcz POL"]
[Date "2020.12.12"]
[Round "8.6"]
[White "Cagara, P."]
[Black "Dwilewicz, K."]
[Result "0-1"]
[WhiteElo "2027"]
[BlackElo "2092"]
[PlyCount "100"]
[EventDate "2020.12.12"]
[EventType "blitz"]
[SourceTitle "The Week in Chess 1362"]
[Source "Mark Crowther"]
[SourceDate "2020.12.14"]
[SourceVersion "1"]
[SourceVersionDate "2020.12.14"]
[SourceQuality "2"]

1. e4 e5 2. Nf3 Nc6 3. c3 d5 4. Qa4 Bd7 5. exd5 Nd4 6. Qd1 Nxf3+ 7. Qxf3 Nf6 8.
c4 Bc5 9. h3 O-O 10. Be2 c6 11. O-O cxd5 12. cxd5 e4 13. Qb3 b6 14. Nc3 Rc8 15.
d3 Bf5 16. dxe4 Nxe4 17. Bf4 Qh4 18. Nxe4 Bxe4 19. Bg3 Qg5 20. Bf3 Qxg3 21.
Bxe4 Qf4 22. Qf3 Qe5 23. b3 Rfd8 24. Rad1 Rd6 25. Bb1 Rcd8 26. Rfe1 Qg5 27. Qe4
g6 28. Qf3 Rf6 29. Qg4 Bxf2+ 30. Kh1 Qxg4 31. hxg4 Bxe1 32. Rxe1 Rf4 33. g5 Rd4
34. b4 R8xd5 35. Bc2 Rd2 36. Bb3 Rxg5 37. Re8+ Kg7 38. Re7 Rf5 39. Kg1 a5 40.
bxa5 bxa5 41. Ra7 Rff2 42. g4 Rg2+ 43. Kf1 Rh2 44. Rxf7+ Kh6 45. Kg1 Rhg2+ 46.
Kh1 Rxg4 47. Rf3 Re4 48. Kg1 Re1+ 49. Rf1 Rxf1+ 50. Kxf1 Kg5 0-1

[Event "ch-ISL Blitz 2020"]
[Site "Tornelo INT"]
[Date "2020.12.12"]
[Round "5.3"]
[White "Thorgeirsson, Jon Kristinn"]
[Black "Lagerman, R."]
[Result "1-0"]
[WhiteElo "2255"]
[BlackElo "2298"]
[PlyCount "75"]
[EventDate "2020.12.12"]
[EventType "blitz"]
[SourceTitle "The Week in Chess 1362"]
[Source "Mark Crowther"]
[SourceDate "2020.12.14"]
[SourceVersion "1"]
[SourceVersionDate "2020.12.14"]
[SourceQuality "2"]

1. e4 e5 2. Nf3 Nc6 3. c3 d5 4. Qa4 dxe4 5. Nxe5 Qd5 6. Nxc6 bxc6 7. Bc4 Qd6 8.
d4 Ne7 9. Nd2 f5 10. b3 Nd5 11. Bxd5 Qxd5 12. Nc4 Bd6 13. Ba3 O-O 14. Ne3 Qf7
15. Bxd6 cxd6 16. Qxc6 Bd7 17. Qxd6 f4 18. Nc4 f3 19. g3 Bh3 20. O-O-O a5 21.
Ne5 Qb7 22. Qc6 Qa7 23. Qxe4 a4 24. Qd5+ Kh8 25. b4 a3 26. Rhe1 Bf5 27. Re3 Qa4
28. Nd3 Rac8 29. Kd2 Rcd8 30. Qc5 Rc8 31. Qa5 Qc6 32. b5 Qc4 33. Qb4 Qxa2+ 34.
Ke1 Bxd3 35. Rdxd3 Qf7 36. Rxf3 Qe8+ 37. Rde3 Qd7 38. Rxf8+ 1-0

[Event "ch-POL Women's Blitz 2020"]
[Site "Bydgoszcz POL"]
[Date "2020.12.12"]
[Round "3.17"]
[White "Borkowska, Zuzanna"]
[Black "Trzaskowska, Hanna"]
[Result "1-0"]
[WhiteElo "1540"]
[BlackElo "1540"]
[PlyCount "77"]
[EventDate "2020.12.12"]
[EventType "blitz"]
[SourceTitle "The Week in Chess 1362"]
[Source "Mark Crowther"]
[SourceDate "2020.12.14"]
[SourceVersion "1"]
[SourceVersionDate "2020.12.14"]
[SourceQuality "2"]

1. e4 e5 2. Nf3 Nc6 3. c3 d6 4. d4 exd4 5. cxd4 Nf6 6. d5 Ne5 7. Nxe5 dxe5 8.
Nc3 Bd7 9. Bg5 Be7 10. Bc4 h6 11. Bh4 O-O 12. O-O Ne8 13. Bg3 Bf6 14. Qh5 Nd6
15. Bd3 Qe7 16. Rac1 Bg5 17. Rc2 c6 18. Qe2 Rae8 19. Rd1 f5 20. exf5 Bxf5 21.
Bxf5 Rxf5 22. dxc6 bxc6 23. Ne4 Nxe4 24. Qxe4 Ref8 25. Rxc6 Bf4 26. Bxf4 Rxf4
27. Qd5+ Qf7 28. Qxf7+ R8xf7 29. f3 Rb4 30. b3 a5 31. Rc5 a4 32. bxa4 Rxa4 33.
Rxe5 Rxa2 34. Rde1 Rfa7 35. R5e2 Kf7 36. Kf2 Kf6 37. Kg3 h5 38. Re6+ Kg5 39.
R1e5# 1-0

[Event "ch-UKR Women Rapid 2020"]
[Site "Kherson UKR"]
[Date "2020.12.04"]
[Round "9.4"]
[White "Rakhmangulova, A."]
[Black "Lomakina, Anzhelika"]
[Result "1-0"]
[WhiteElo "2132"]
[BlackElo "1663"]
[PlyCount "45"]
[EventDate "2020.12.03"]
[EventType "rapid"]
[SourceTitle "The Week in Chess 1361"]
[Source "Mark Crowther"]
[SourceDate "2020.12.07"]
[SourceVersion "1"]
[SourceVersionDate "2020.12.07"]
[SourceQuality "2"]

1. e4 e5 2. Nf3 Nc6 3. c3 d5 4. Qa4 dxe4 5. Nxe5 Qd5 6. Nxc6 bxc6 7. Bc4 Qd6 8.
O-O Nf6 9. d3 exd3 10. Bf4 Qd7 11. Bxd3 Be7 12. Bf5 Qd5 13. Bxc8 Rxc8 14. Re1
Qb5 15. Qc2 Nd5 16. c4 Qa5 17. Bd2 Nb4 18. Qe4 Qc5 19. a3 Na6 20. b4 Qd6 21. c5
Qf6 22. Bc3 Qe6 23. Qd3 1-0

[Event "ch-UKR Women Rapid 2020"]
[Site "Kherson UKR"]
[Date "2020.12.03"]
[Round "5.2"]
[White "Rakhmangulova, A."]
[Black "Martynkova, Olena"]
[Result "1/2-1/2"]
[WhiteElo "2132"]
[BlackElo "2262"]
[PlyCount "130"]
[EventDate "2020.12.03"]
[EventType "rapid"]
[SourceTitle "The Week in Chess 1361"]
[Source "Mark Crowther"]
[SourceDate "2020.12.07"]
[SourceVersion "1"]
[SourceVersionDate "2020.12.07"]
[SourceQuality "2"]

1. e4 e5 2. Nf3 Nc6 3. c3 Nf6 4. d4 exd4 5. e5 Nd5 6. cxd4 Bb4+ 7. Bd2 Bxd2+ 8.
Qxd2 d6 9. Bb5 O-O 10. Bxc6 bxc6 11. O-O Rb8 12. h3 Bf5 13. Nc3 Nb4 14. b3 Re8
15. Rad1 Bc2 16. Rc1 Bg6 17. exd6 cxd6 18. Rce1 Qf6 19. Rxe8+ Rxe8 20. Re1
Rxe1+ 21. Qxe1 Qe6 22. Qc1 h6 23. Qa3 Nd5 24. Nxd5 Qxd5 25. Qxa7 Be4 26. Ne1 c5
27. dxc5 dxc5 28. Qb8+ Kh7 29. Qf4 Bb1 30. Qc1 Be4 31. Qc4 Qxc4 32. bxc4 Kg6
33. f3 Bb1 34. a4 Ba2 35. Nd3 Kf6 36. Nb2 Ke5 37. a5 Kd6 38. Kf2 Kc6 39. Ke3
Bb1 40. Nd3 f6 41. Nf4 Ba2 42. Kd3 Bb1+ 43. Kc3 g5 44. Nd5 f5 45. g4 fxg4 46.
hxg4 Kb7 47. Nf6 Bg6 48. Nd7 Ka6 49. Nxc5+ Kxa5 50. Ne6 Kb6 51. Kd4 Bf7 52. Ng7
Kc6 53. Nh5 Kd6 54. Ng3 Ke6 55. Ne4 Be8 56. Nc5+ Kd6 57. Nd3 h5 58. c5+ Ke6 59.
gxh5 Bxh5 60. Ne5 Be8 61. Ke4 Bb5 62. c6 Kd6 63. Kf5 Be2 64. Kxg5 Bxf3 65. Nxf3
Kxc6 1/2-1/2

[Event "RBI Open Final 2020"]
[Site "chess.com INT"]
[Date "2020.12.03"]
[Round "1.2"]
[White "Jobava, Ba"]
[Black "Xiong, Jeffery"]
[Result "1-0"]
[WhiteElo "2603"]
[BlackElo "2709"]
[PlyCount "125"]
[EventDate "2020.12.03"]
[SourceTitle "The Week in Chess 1361"]
[Source "Mark Crowther"]
[SourceDate "2020.12.07"]
[SourceVersion "1"]
[SourceVersionDate "2020.12.07"]
[SourceQuality "2"]

1. e4 e5 2. Nf3 Nc6 3. c3 d5 4. d3 Nf6 5. Qc2 a5 6. Be2 Bc5 7. O-O O-O 8. a4 h6
9. Na3 Re8 10. h3 Be6 11. Nb5 Qd7 12. Re1 Rad8 13. Bf1 Nh5 14. Be3 Bxe3 15.
Rxe3 Nf4 16. Ree1 dxe4 17. dxe4 Qe7 18. Rad1 Rc8 19. Nd2 Qc5 20. Nb3 Nb4 21.
Nxc5 Nxc2 22. Nxb7 Bb3 23. Nc5 Be6 24. Re2 Nxe2+ 25. Bxe2 Red8 26. Nxe6 fxe6
27. Kf1 c6 28. Nd6 Rb8 29. Nc4 Rxd1+ 30. Bxd1 Na1 31. Ke2 Kf8 32. Kd2 Ke7 33.
Kc1 Nb3+ 34. Bxb3 Rxb3 35. Nxa5 Rb6 36. Nc4 Rb8 37. b4 Rf8 38. f3 g5 39. Nxe5
Kd6 40. Nc4+ Kc7 41. Kd2 h5 42. Ke2 g4 43. hxg4 hxg4 44. fxg4 Rf4 45. Ne3 e5
46. g3 Rf8 47. a5 Rh8 48. Nc4 Rh2+ 49. Kd3 Rg2 50. Nxe5 Kd6 51. Kd4 Rxg3 52. g5
Kc7 53. g6 Rg5 54. c4 Rg1 55. b5 cxb5 56. cxb5 Kd6 57. Nc4+ Kc7 58. Ne5 Kd6 59.
a6 Rd1+ 60. Nd3 Kc7 61. g7 Rg1 62. Nf4 Kb6 63. Ne6 1-0

[Event "Titled Tuesday 1st Dec"]
[Site "chess.com INT"]
[Date "2020.12.01"]
[Round "5"]
[White "Cagara, P."]
[Black "Nadeev, S."]
[Result "0-1"]
[WhiteElo "2027"]
[BlackElo "2274"]
[PlyCount "68"]
[EventDate "2020.12.01"]
[SourceTitle "The Week in Chess 1361"]
[Source "Mark Crowther"]
[SourceDate "2020.12.07"]
[SourceVersion "1"]
[SourceVersionDate "2020.12.07"]
[SourceQuality "2"]

1. e4 e5 2. Nf3 Nc6 3. c3 d5 4. Qa4 f6 5. Bb5 Nge7 6. d3 Be6 7. O-O a6 8. Bxc6+
Nxc6 9. Rd1 b5 10. Qc2 Bd6 11. Nbd2 O-O 12. Nf1 Ne7 13. d4 dxe4 14. Qxe4 Bd5
15. Qe2 e4 16. N3d2 f5 17. Ne3 c6 18. Ndf1 Ng6 19. g3 f4 20. Nxd5 cxd5 21. b3
Rc8 22. a4 Qd7 23. axb5 axb5 24. Ra6 f3 25. Qa2 Qh3 26. Ne3 Nh4 27. Rxd6 Ng2
28. Rxd5 Nxe3 29. fxe3 f2+ 30. Qxf2 Rxf2 31. Kxf2 Qxh2+ 32. Ke1 Qxg3+ 33. Ke2
Qg2+ 34. Ke1 Rf8 0-1

[Event "C'Chartres Blitz Open"]
[Site "Europe-Echecs INT"]
[Date "2020.11.28"]
[Round "6"]
[White "Jobava, Ba"]
[Black "Postny, E."]
[Result "1/2-1/2"]
[WhiteElo "2603"]
[BlackElo "2605"]
[PlyCount "134"]
[EventDate "2020.11.28"]
[EventType "blitz"]
[SourceTitle "The Week in Chess 1360"]
[Source "Mark Crowther"]
[SourceDate "2020.11.30"]
[SourceVersion "1"]
[SourceVersionDate "2020.11.30"]
[SourceQuality "2"]

1. e4 e5 2. Nf3 Nc6 3. c3 Nf6 4. d3 g6 5. Be2 Bg7 6. Nbd2 O-O 7. O-O d5 8. a4
a5 9. Re1 Re8 10. Qc2 h6 11. h3 Be6 12. Nb1 Nd7 13. Na3 Nc5 14. Nd2 Kh7 15. Nb5
Qd7 16. Bf1 Rad8 17. exd5 Bxd5 18. Nc4 e4 19. dxe4 Bxe4 20. Rxe4 Nxe4 21. Bf4
Rc8 22. Rd1 Qe7 23. Ne3 Nf6 24. Bc4 Qe4 25. Qxe4 Rxe4 26. Bxc7 Ne8 27. Bb6 Ne5
28. Bb3 Kg8 29. Bxa5 Bf8 30. Bc2 Rf4 31. Bb6 Nc6 32. Nd5 Rh4 33. a5 Ne5 34. b4
Nc4 35. Bd4 Rd8 36. Bb3 Ncd6 37. Nxd6 Rxd6 38. Re1 Re6 39. Rxe6 fxe6 40. Ne3
Bxb4 41. Bxe6+ Kf8 42. g3 Rxd4 43. cxd4 Bxa5 44. Kg2 Nf6 45. Kf3 Bb6 46. d5 Ke7
47. Nc4 Bc5 48. Na5 b6 49. Nc6+ Kd6 50. Bf7 g5 51. h4 gxh4 52. gxh4 Nxd5 53.
Bxd5 Kxd5 54. Na7 Kc4 55. h5 b5 56. Nxb5 Kxb5 57. Kg2 Kc6 58. f4 Kd5 59. f5 Ke5
60. f6 Kxf6 61. Kh1 Kg5 62. Kg2 Kxh5 63. Kh1 Kg4 64. Kg2 h5 65. Kh1 h4 66. Kg2
h3+ 67. Kh1 Kg3 1/2-1/2

[Event "ch-POL Academic Team 2020"]
[Site "Katowice POL"]
[Date "2020.11.15"]
[Round "8.22"]
[White "Zebracki, T."]
[Black "Lukasiewicz, Al"]
[Result "1-0"]
[WhiteElo "2209"]
[BlackElo "1936"]
[PlyCount "59"]
[EventDate "2020.11.14"]
[SourceTitle "The Week in Chess 1358"]
[Source "Mark Crowther"]
[SourceDate "2020.11.16"]
[SourceVersion "1"]
[SourceVersionDate "2020.11.16"]
[SourceQuality "2"]
[WhiteTeam "Uniwersytet Warszawski"]
[BlackTeam "Uniwersytet Wroclawski"]

1. e4 e5 2. Nf3 Nc6 3. c3 d5 4. Qa4 dxe4 5. Nxe5 Qd5 6. Nxc6 bxc6 7. Bc4 Qd6 8.
O-O Nf6 9. d3 Be7 10. dxe4 O-O 11. Nd2 Ng4 12. Nf3 Qg6 13. Bf4 Bc5 14. Rad1 Kh8
15. Bd3 f5 16. exf5 Bxf5 17. Nh4 Qh5 18. Nxf5 Nxf2 19. Rxf2 Bxf2+ 20. Kxf2 Rad8
21. Rd2 Rxd3 22. Rxd3 Qxf5 23. Rf3 Qd5 24. Qc2 Qxa2 25. Be5 Re8 26. Bd4 Qa1 27.
Be5 Qa5 28. Qf5 h6 29. Bxg7+ Kxg7 30. Qxa5 1-0

[Event "Third Sat 143 Mix 2020"]
[Site "Novi Sad SRB"]
[Date "2020.11.03"]
[Round "4.7"]
[White "Dragojlovic, A."]
[Black "Durak, Can"]
[Result "1-0"]
[WhiteElo "2312"]
[BlackElo "1985"]
[PlyCount "93"]
[EventDate "2020.11.01"]
[SourceTitle "The Week in Chess 1357"]
[Source "Mark Crowther"]
[SourceDate "2020.11.09"]
[SourceVersion "1"]
[SourceVersionDate "2020.11.09"]
[SourceQuality "2"]

1. e4 e5 2. Nf3 Nc6 3. c3 d5 4. Bb5 dxe4 5. Nxe5 Qd5 6. Qa4 Nge7 7. Nxc6 Nxc6
8. O-O Bd6 9. Re1 f5 10. d3 a6 11. Bxc6+ Qxc6 12. Qxc6+ bxc6 13. dxe4 fxe4 14.
Nd2 Bf5 15. Nxe4 Kd7 16. Ng3 Rae8 17. Be3 Bxg3 18. hxg3 g6 19. Rad1+ Kc8 20.
Rd4 Rd8 21. Rc4 Kb7 22. g4 Be6 23. Rb4+ Ka8 24. Ra4 Kb7 25. g5 Rhe8 26. Rb4+
Kc8 27. Ra1 Rd5 28. Rh4 Bg8 29. Rd4 Rxd4 30. cxd4 Bd5 31. Kh2 Kd7 32. Kg3 Re7
33. b3 Ke6 34. f3 Kd7 35. Kf2 Ke6 36. Rc1 Kd7 37. Bf4 Rf7 38. Be5 Re7 39. g4
Rf7 40. f4 Kc8 41. Kg3 Kd7 42. Rc2 Be4 43. Re2 Bd5 44. Bf6 Be6 45. Re5 Bd5 46.
f5 Kd6 47. Re8 1-0

[Event "Speed Chess Invitational"]
[Site "chess.com INT"]
[Date "2020.10.25"]
[Round "1.9"]
[White "Jobava, Ba"]
[Black "Chigaev, M."]
[Result "1-0"]
[WhiteElo "2603"]
[BlackElo "2598"]
[PlyCount "102"]
[EventDate "2020.10.25"]
[EventType "k.o. (blitz)"]
[EventRounds "4"]
[SourceTitle "The Week in Chess 1356"]
[Source "Mark Crowther"]
[SourceDate "2020.11.02"]
[SourceVersion "1"]
[SourceVersionDate "2020.11.02"]
[SourceQuality "2"]

1. e4 e5 2. Nf3 Nc6 3. c3 d5 4. d3 dxe4 5. dxe4 Qxd1+ 6. Kxd1 Bg4 7. Be3 Bd6 8.
Nbd2 Nge7 9. Kc2 a6 10. h3 Bh5 11. Nh4 Rd8 12. Nf5 O-O 13. g4 Bg6 14. Rd1 Rfe8
15. Be2 f6 16. Nc4 Nxf5 17. exf5 Bf7 18. Nd2 Ne7 19. Bc4 Nd5 20. Bb3 c6 21. Ne4
Be7 22. Bc1 h5 23. Rhg1 hxg4 24. hxg4 g5 25. Rh1 Kg7 26. Ng3 Rh8 27. Be3 Rh4
28. Rxh4 gxh4 29. Ne4 Nxe3+ 30. fxe3 Rxd1 31. Kxd1 h3 32. Ke2 h2 33. Nf2 e4 34.
Bxf7 Kxf7 35. Kf1 Bc5 36. Kg2 Bxe3 37. Nxe4 Bf4 38. Nc5 b6 39. Nxa6 Ke7 40. Nb4
Kd7 41. a4 Kd6 42. b3 c5 43. Nd3 Bd2 44. c4 Bg5 45. Kxh2 Kc6 46. Kg2 Kd6 47.
Kf3 Kc6 48. Ke4 Kd6 49. Nf4 Kc6 50. Ne6 Kd6 51. Nxg5 fxg5 1-0

[Event "Titled Tuesday 20th Oct"]
[Site "chess.com INT"]
[Date "2020.10.20"]
[Round "10"]
[White "Cagara, P."]
[Black "Muhammed, Shuaau"]
[Result "1/2-1/2"]
[WhiteElo "2027"]
[BlackElo "1925"]
[PlyCount "134"]
[EventDate "2020.10.20"]
[EventType "swiss (blitz)"]
[EventRounds "11"]
[SourceTitle "The Week in Chess 1355"]
[Source "Mark Crowther"]
[SourceDate "2020.10.26"]
[SourceVersion "1"]
[SourceVersionDate "2020.10.26"]
[SourceQuality "2"]

1. e4 e5 2. Nf3 Nc6 3. c3 Nf6 4. d4 exd4 5. e5 Ng8 6. cxd4 Bb4+ 7. Bd2 Bxd2+ 8.
Nbxd2 d5 9. Bb5 Nge7 10. O-O O-O 11. Rc1 a6 12. Ba4 Bg4 13. h3 Bh5 14. Qe1 b5
15. Bd1 Nb4 16. g4 Bg6 17. Rc3 Nxa2 18. Ra3 Nb4 19. Nb3 Nd3 20. Qd2 Nc6 21. Be2
Ndb4 22. Rc1 Qe8 23. Nc5 h5 24. Nh4 hxg4 25. Bxg4 a5 26. Nd7 Qe7 27. Nxg6 fxg6
28. Nxf8 Rxf8 29. Rg3 g5 30. Be2 Rf4 31. Bxb5 Nxd4 32. Ba4 Nf3+ 33. Rxf3 Rxf3
34. Kg2 Rf4 35. Rg1 Qxe5 36. Kh1 Qe4+ 37. Kh2 Nd3 38. Bc2 Rxf2+ 39. Qxf2 Nxf2
40. Bxe4 Nxe4 41. Rd1 c6 42. Kg2 Kf7 43. Kf3 Ke6 44. Ra1 Nd2+ 45. Ke2 Nc4 46.
Rh1 Nxb2 47. Kd2 Nc4+ 48. Kc3 a4 49. Re1+ Kd6 50. Rg1 a3 51. Rxg5 a2 52. Rg1
Ke5 53. h4 Kf5 54. h5 c5 55. Kb3 Ne5 56. Kxa2 Ng4 57. Kb3 Kg5 58. Ka4 Kxh5 59.
Kb5 c4 60. Kc5 Ne3 61. Kd4 Nf5+ 62. Kxd5 c3 63. Kc4 c2 64. Kc3 Ne3 65. Kd2 Nf5
66. Kxc2 g5 67. Rxg5+ Kxg5 1/2-1/2

[Event "PNWCC Super G60 2020"]
[Site "chess.com INT"]
[Date "2020.10.18"]
[Round "6.3"]
[White "Jobava, Ba"]
[Black "Mikaelyan, A."]
[Result "1-0"]
[WhiteElo "2603"]
[BlackElo "2485"]
[PlyCount "123"]
[EventDate "2020.10.17"]
[EventType "swiss"]
[EventRounds "6"]
[SourceTitle "The Week in Chess 1354"]
[Source "Mark Crowther"]
[SourceDate "2020.10.20"]
[SourceVersion "1"]
[SourceVersionDate "2020.10.20"]
[SourceQuality "2"]

1. e4 e5 2. Nf3 Nc6 3. c3 Nf6 4. d3 g6 5. Be2 Bg7 6. O-O O-O 7. a4 a5 8. Na3 d6
9. Re1 h6 10. Nb5 Ne7 11. h3 Be6 12. Qc2 c6 13. Na3 Kh7 14. Be3 Nd7 15. Rad1 f5
16. Bf1 f4 17. Bc1 Nc5 18. Nc4 Nxa4 19. Qxa4 b5 20. Qc2 bxc4 21. dxc4 Qc7 22.
Be2 Bf6 23. Nd2 h5 24. b3 Rg8 25. c5 d5 26. Bd3 Kh8 27. Bb2 Raf8 28. exd5 cxd5
29. c4 d4 30. Bxd4 Bxh3 31. Bc3 Bg4 32. Ra1 Nc6 33. Ne4 Bh4 34. Nd6 f3 35. Rxe5
Nxe5 36. Bxe5+ Kh7 37. g3 Qxc5 38. Qc3 Bf6 39. Bxf6 Qxd6 40. Be5 Qc6 41. Rxa5
Ra8 42. Qb4 Qd7 43. Rb5 Ra7 44. Rb8 Qxd3 45. Rxg8 Kxg8 46. Qb8+ Kf7 47. Qxa7+
Ke6 48. Qg7 Qf5 49. Bf4 h4 50. b4 hxg3 51. Bxg3 Bh5 52. Kh2 Bg4 53. Qg8+ Ke7
54. Qh7+ Kd8 55. Qc7+ Ke8 56. Bd6 Qe6 57. b5 Qe1 58. Bc5 Bd7 59. Qb8+ Kf7 60.
Qf8+ Ke6 61. Qe7+ Kf5 62. Qxe1 1-0

[Event "PNWCC Super G60 2020"]
[Site "chess.com INT"]
[Date "2020.10.17"]
[Round "2.12"]
[White "Jobava, Ba"]
[Black "Jiang, Brandon"]
[Result "1-0"]
[WhiteElo "2603"]
[BlackElo "1954"]
[PlyCount "105"]
[EventDate "2020.10.17"]
[EventType "swiss"]
[EventRounds "6"]
[SourceTitle "The Week in Chess 1354"]
[Source "Mark Crowther"]
[SourceDate "2020.10.20"]
[SourceVersion "1"]
[SourceVersionDate "2020.10.20"]
[SourceQuality "2"]

1. e4 e5 2. Nf3 Nc6 3. c3 d5 4. d3 Nf6 5. Qc2 Be7 6. Be2 O-O 7. O-O Be6 8. Rd1
h6 9. a4 Bd6 10. a5 Ne7 11. a6 bxa6 12. Nbd2 Ng6 13. g3 c6 14. Rxa6 Qc7 15. Nf1
Qb7 16. Qa4 dxe4 17. dxe4 Bb3 18. Qxc6 Qxc6 19. Rxc6 Bxd1 20. Bxd1 Rfd8 21. Bc2
Ne7 22. Ra6 Ne8 23. Be3 Nc8 24. N1d2 Nc7 25. Ra2 a6 26. Kf1 f6 27. Ke2 Kh7 28.
Nc4 Ne6 29. b4 Nc7 30. Ba4 Rb8 31. Na5 Ne7 32. Bd2 Ne6 33. Nc4 Nc7 34. Bb3 Ra8
35. Ne1 Nb5 36. Nb6 Rab8 37. Nd5 Nxd5 38. Bxd5 Nc7 39. Bb3 Ra8 40. Nd3 Nb5 41.
Bd5 Rac8 42. c4 Nd4+ 43. Kd1 Nf3 44. Rxa6 Nxd2 45. Kxd2 Bf8 46. c5 Rc7 47. Kc3
Rdd7 48. Kc4 Ra7 49. b5 Rac7 50. b6 Rc8 51. Kb5 Rdd8 52. c6 Bc5 53. Nxc5 1-0

[Event "TCh-MNE Premier 2020"]
[Site "Podgorica MNE"]
[Date "2020.10.12"]
[Round "6.1"]
[White "Mitrovic, Mir"]
[Black "Tomovic, Z."]
[Result "1-0"]
[WhiteElo "1947"]
[BlackElo "1761"]
[PlyCount "87"]
[EventDate "2020.10.09"]
[EventType "team"]
[EventRounds "9"]
[EventCountry "MNE"]
[SourceTitle "The Week in Chess 1354"]
[Source "Mark Crowther"]
[SourceDate "2020.10.20"]
[SourceVersion "1"]
[SourceVersionDate "2020.10.20"]
[SourceQuality "2"]
[WhiteTeam "SK Cetinje"]
[BlackTeam "SK Rokada"]

1. e4 e5 2. Nf3 Nc6 3. c3 Nf6 4. d3 h6 5. Nbd2 d6 6. d4 exd4 7. Nxd4 Nxd4 8.
cxd4 Be7 9. Bd3 O-O 10. O-O b6 11. b3 Qd7 12. Bb2 Bb7 13. Rc1 Rac8 14. Re1 c5
15. d5 Ne8 16. Rc2 f5 17. Qe2 Bf6 18. Bc1 Qe7 19. Bc4 fxe4 20. Nxe4 Bd4 21. Bb2
Bxb2 22. Rxb2 Nc7 23. Nc3 Qf6 24. Rc2 Rce8 25. Qd1 Rxe1+ 26. Qxe1 a6 27. a4 Qf5
28. Re2 b5 29. axb5 axb5 30. Nxb5 Nxb5 31. Bxb5 Bxd5 32. Bc4 Bxc4 33. bxc4 Qf4
34. Re4 Qf6 35. g3 Ra8 36. Kg2 Ra1 37. Qe2 Ra8 38. Re6 Qd4 39. Re4 Qc3 40. Rf4
Qe5 41. Re4 Qf5 42. Rf4 Qe5 43. Qd3 Qe7 44. Qd5+ 1-0

[Event "Speed Chess Super Swiss"]
[Site "chess.com INT"]
[Date "2020.10.03"]
[Round "12"]
[White "Martinez Alcantara, Jose Eduardo"]
[Black "Artemiev, V."]
[Result "1/2-1/2"]
[WhiteElo "2620"]
[BlackElo "2716"]
[PlyCount "41"]
[EventDate "2020.10.03"]
[EventType "swiss (blitz)"]
[EventRounds "15"]
[SourceTitle "The Week in Chess 1352"]
[Source "Mark Crowther"]
[SourceDate "2020.10.05"]
[SourceVersion "1"]
[SourceVersionDate "2020.10.05"]
[SourceQuality "2"]

1. e4 e5 2. Nf3 Nc6 3. c3 Nf6 4. d4 Nxe4 5. Bd3 d5 6. Nxe5 Nxe5 7. dxe5 Qe7 8.
Bxe4 dxe4 9. Qd4 Bd7 10. Be3 c5 11. Qxe4 Bc6 12. Qg4 Qxe5 13. Nd2 f5 14. Qe2
Bxg2 15. Rg1 Bd5 16. O-O-O O-O-O 17. Qb5 Be7 18. Qa5 a6 19. Rde1 Qd6 20. Rxg7
Rhe8 21. Rd1 1/2-1/2

[Event "88th ch-St Petersburg W"]
[Site "St Petersburg RUS"]
[Date "2020.09.24"]
[Round "3.8"]
[White "Vorobyova, Ekaterina"]
[Black "Styazhkina, A."]
[Result "0-1"]
[WhiteElo "1788"]
[BlackElo "2289"]
[PlyCount "64"]
[EventDate "2020.09.22"]
[EventType "swiss"]
[EventRounds "9"]
[EventCountry "RUS"]
[SourceTitle "The Week in Chess 1352"]
[Source "Mark Crowther"]
[SourceDate "2020.10.05"]
[SourceVersion "1"]
[SourceVersionDate "2020.10.05"]
[SourceQuality "2"]

1. e4 e5 2. Nf3 Nc6 3. c3 Nf6 4. d4 d6 5. Bb5 Bd7 6. d5 Nb8 7. Bd3 g6 8. O-O
Bg7 9. h3 O-O 10. Bg5 h6 11. Be3 Nh5 12. Qd2 Kh7 13. Na3 f5 14. Qd1 Nf6 15. Qc2
f4 16. Bd2 g5 17. c4 g4 18. hxg4 Bxg4 19. Be2 Nbd7 20. b4 b6 21. Nb5 a6 22. Nc3
Qe8 23. Qd3 Rg8 24. Bxf4 exf4 25. e5+ Kh8 26. exf6 Bxf6 27. Rfe1 Qh5 28. Rec1
Rae8 29. Rab1 Bf5 30. Qd2 Rxg2+ 31. Kxg2 Qh3+ 32. Kg1 Rg8+ 0-1

[Event "Titled Tuesday 22nd Sept"]
[Site "chess.com INT"]
[Date "2020.09.22"]
[Round "10"]
[White "Petrova, I."]
[Black "Ramirez M., E."]
[Result "1-0"]
[WhiteElo "2088"]
[BlackElo "2057"]
[PlyCount "129"]
[EventDate "2020.09.22"]
[EventType "swiss (blitz)"]
[EventRounds "10"]
[SourceTitle "The Week in Chess 1351"]
[Source "Mark Crowther"]
[SourceDate "2020.09.28"]
[SourceVersion "1"]
[SourceVersionDate "2020.09.28"]
[SourceQuality "2"]

1. e4 e5 2. Nf3 Nc6 3. c3 Nf6 4. d3 d5 5. Nbd2 dxe4 6. dxe4 Bc5 7. Be2 O-O 8.
O-O h6 9. Qc2 a5 10. h3 Re8 11. Rd1 Qe7 12. Nf1 b6 13. Be3 Bb7 14. Bxc5 Qxc5
15. Ne3 Rad8 16. Rxd8 Rxd8 17. Rd1 Rxd1+ 18. Qxd1 Qd6 19. Qxd6 cxd6 20. Nd2 Ne7
21. f3 d5 22. exd5 Bxd5 23. Nxd5 Nexd5 24. Kf2 Kf8 25. c4 Nf4 26. Bf1 Ke7 27.
Nb1 Kd6 28. Nc3 Kc5 29. b3 Ne6 30. Ke3 Nd4 31. Be2 Nc2+ 32. Kd2 Nb4 33. a3 Na6
34. Ke3 Nc7 35. Na4+ Kc6 36. b4 axb4 37. axb4 b5 38. Nc5 bxc4 39. Bxc4 Ncd5+
40. Bxd5+ Nxd5+ 41. Ke4 Nxb4 42. Nb3 f6 43. Kf5 Nd5 44. g3 Ne7+ 45. Ke6 Nd5 46.
Kf7 g5 47. Kg6 Kd7 48. Kxh6 Ke7 49. Kg6 Ke6 50. h4 gxh4 51. gxh4 Nf4+ 52. Kg7
Kf5 53. Nd2 Nh5+ 54. Kh6 Ng3 55. Ne4 Nxe4 56. fxe4+ Kxe4 57. Kg6 Kf4 58. h5 e4
59. h6 e3 60. h7 e2 61. h8=Q e1=Q 62. Qh6+ Ke5 63. Qh2+ Kd5 64. Qg2+ Kc5 65.
Kxf6 1-0